000 01742cam a22004934i 4500
003 PE-LiUPU
005 20250731173532.0
008 150616s r 000 0 d
020 _a0805460357
035 _a(Sirsi) i9780805460353
040 _aPE-LiUPU
_bspa
_cPE-LiUPU
_erda
049 _aPRUA
082 0 4 _a227.924
_bB16
_221
100 1 _aBailey, Raymond,
_eautor.
245 1 0 _aPaul The Preacher /
_cRaymond Bailey.
264 1 _aTennessee :
_bBroadman Press,
_c1991.
300 _a130 páginas ;
_c21 centímetros
336 _atext
_2rdacontent
337 _aunmediated
_2rdamedia
338 _avolume
_2rdacarrier
504 _aIncluye bibliografía.
505 0 _aThe man who secularized the gospel.- God's Ulysses.- Revelation to proclamation: Paul's theology of preaching.- The urbanization of the gospel.- The rhetoric of Paul.- Paul's sermons in Acts.- Homiletical lessons from Paul.
526 _aSEG42
526 _aSEG41
526 _aSEG40
526 _aSEG39
526 _aP94
526 _aP87
526 _aP86
526 _aP85
526 _aP77
526 _aP76
526 _aP35
600 1 _aPablo, Apóstol
_xSermones
630 _aBiblia.
_pN.T.
_pEpístolas de Pablo
_xComentarios.
650 0 4 _a
910 _ajck
_bjvq
_cjck
942 _2ddc
_cBOOK
949 _a227.924 B16
_wDEWEY
_c1
_i42301
_lCCODEBUL1
_mBUL
_r0
_sY
_tBOOK
_u2015-6-16
_xTEOLOGIA
_zUNKNOWN
_0COMPRA
_o.STAFF. Colección General
994 _aC0
_bPEPRU
596 _a1
999 _a227.924 B16
_wDEWEY
_c60133
_i42301
_f2021-11-9
_g5
_lCCODEBUL1
_mBUL
_r0
_sY
_tBOOK
_u2015-6-16
_xTEOLOGIA
_zUNKNOWN
_0COMPRA
_o.STAFF. Colección General
_d60133
980 _81
_gALBERTO SANCHEZ Responsable de Automatización